Statistics for First Five Chronologically

Click here to take the quiz!

General Stats

  • This quiz has been taken 57 times
  • The average score is 15 of 20

Answer Stats

Answer% Correct
Brazil
96%
England
95%
London
95%
Paris
95%
Athens
93%
Washington
93%
West Germany
91%
Adams
88%
Italy
86%
Jefferson
80%
Uruguay
77%
Augustus
73%
Nero
70%
Madison
68%
Monroe
59%
St. Louis
57%
Stockholm
52%
Caligula
50%
Tiberius
38%
Claudius
36%

Score Distribution

Percentile by Number Answered

Percent of People with Each Score

Your Score History

You have not taken this quiz